000 00238nam a22001097a 4500
008 170126b xxu||||| |||| 00| 0 eng d
020 _a0126581020
041 _aeng
080 _a61
245 _aTHE RETINOIDS
_cSPORN, M.B
942 _2udc
_cBK
999 _c3735
_d3735